000
00305nam a2200109Ia 4500
008
190216s9999||||xx |||||||||||||| ||und||
100
_a
Robert Thornton Morrison&Amp;Robrt 
 Neilson Body
245
0
_a
Organic Chemistry
260
_b
Allyn And Bacon International
_c
1983
300
_a
1321p
942
_c
BK
999
_c
3338
_d
3338